00718nam a2200205Ia 450000500170000000800410001708200130005810000210007124501240009226000520021630000160026865000240028465000230030865000240033170000210035570000180037694200060039495200970040099900150049720240604024732.0240331s9999 xx 000 0 und d bREAa361 aWignaraja, P. ed 0aReadings on pro-poor planning through social mobilisation in South Asia :bthe strategic option for poverty eradication aNew DelhibVikas Publishing House PVT LTDc1998 axix,377 p., aPoverty Eradication aPro-Poor Planning  aSocial Mobilisation aWignaraja, P. ed aSirivardana,S cL 001040708LaWERCLbWERCLcSSCd2024-03-31l0o 361.2 REAp5558r2024-03-31w2024-03-31yL c2905d2905